| 000 | 00744nam a22002777a 4500 | ||
|---|---|---|---|
| 005 | 20230608192253.0 | ||
| 008 | 160308b2013 xxu||||| |||| 00| 0 spa d | ||
| 020 | _a9788441533899 | ||
| 041 | _aESP | ||
| 082 | _a004.67 B715d | ||
| 100 |
_aBonilla, Pedro Clemente _979444 |
||
| 245 | _aDiseño Web adaptativo : responsive Web design | ||
| 260 |
_aEspaña _bAnaya _c2013 |
||
| 300 | _a224 páginas | ||
| 650 |
_aDISEÑO WEB _979445 |
||
| 650 |
_aHTML5 _979446 |
||
| 650 |
_aCSS3 _979447 |
||
| 650 |
_aIMÁGENES _979448 |
||
| 650 |
_aTEXTO _979449 |
||
| 650 |
_aMEDIAS RELATIVAS _979450 |
||
| 650 |
_aHERRAMIENTAS _979451 |
||
| 650 |
_aFRAMEWORKS _979452 |
||
| 650 |
_aDISEÑO ADAPTIVO _979453 |
||
| 650 |
_aCMS _979454 |
||
| 942 | _cBK | ||
| 999 |
_c7805 _d7805 |
||